Statistiken für James Bond Film oder Deutschrap Album?

Klicken Sie hier um das Quiz zu spielen!

Allgemein

  • Dieses Quiz wurde 254 mal gespielt
  • Das Durchschnittsergebnis liegt bei 12 aus 15

Antwortstatistiken

FrageAntwort% Korrekt
GoldfingerJames Bond Film
92%
Zu zweit alleinDeutschrap Album
91%
Montenegro ZeroDeutschrap Album
90%
Im Angesicht des TodesJames Bond Film
90%
Mann unter FeuerDeutschrap Album
87%
Lang lebe der TodDeutschrap Album
86%
Der Mann mit dem goldenen ColtJames Bond Film
85%
Der letzte Tag deines LebensDeutschrap Album
84%
Tanz auf dem VulkanDeutschrap Album
82%
Der Hauch des TodesJames Bond Film
79%
Man lebt nur zweimalJames Bond Film
78%
In drei Teufels NamenDeutschrap Album
74%
DiamantenfieberJames Bond Film
69%
Leben und sterben lassenJames Bond Film
65%
Bereit zum sterbenDeutschrap Album
58%

Verteilung der Resultate

Perzentil nach korrekt beantworteten Fragen

Anzahl Personen mit jedem Resultat

Ihre Resultats-Entwicklung

Sie haben dieses Quiz noch nicht gespielt